Wypisz państwa które były częścią... - Statystyki

Ogólne statystyki
  • Ten quiz został rozwiązany 30 razy
  • Średni wynik to 28 z 31
Statystyki odpowiedzi
Państwo historyczne Państwo które było jego częścią % Poprawnych
Pierwsze Imperium Bułgarskie Bułgaria
100%
Imperium Morza Północnego Dania
100%
Prusy Dania
100%
Imperium Morza Północnego Norwegia
100%
Imperium Morza Północnego Szwecja
100%
Imperium Morza Północnego Polska
96%
Prusy Polska
96%
Pierwsze Imperium Bułgarskie Rumunia
96%
Pierwsze Imperium Bułgarskie Albania
93%
Wielka Kolumbia Kolumbia
93%
Imperium Morza Północnego Niemcy
93%
Prusy Niemcy
93%
Imperium Morza Północnego Wielka Brytania
93%
Wielka Kolumbia Brazylia
89%
Wielka Kolumbia Ekwador
89%
Pierwsze Imperium Bułgarskie Kosowo
89%
Prusy Litwa
89%
Pierwsze Imperium Bułgarskie Macedonia Północna
89%
Wielka Kolumbia Peru
89%
Prusy Rosja
89%
Pierwsze Imperium Bułgarskie Turcja
89%
Pierwsze Imperium Bułgarskie Węgry
89%
Pierwsze Imperium Bułgarskie Grecja
86%
Pierwsze Imperium Bułgarskie Serbia
86%
Wielka Kolumbia Wenezuela
86%
Prusy Czechy
82%
Imperium Morza Północnego Irlandia
82%
Wielka Kolumbia Gujana
79%
Prusy Belgia
75%
Wielka Kolumbia Panama
75%
Pierwsze Imperium Bułgarskie Ukraina
75%
Nie znaleziono quizów pasujących do podanych kryteriów
Rozkład punktacji
Procent ludzi z każdym wynikiem
Percentyl według liczby udzielonych odpowiedzi
Twoja historia wyników
Nie rozwiązałeś tego quizu